A carregar...

Computer methods in operation research

Detalhes bibliográficos
Autor principal: Thesen
Formato: Printed Book
Idioma:English
Publicado em: Academic Press 1978
LEADER 00586nam a2200217 a 4500
001 CS96000001
003 imported from koha2.9 by LV-2230
005 20160322164948.0
008 960221s1955 dcuabcdjdbkoqu001 0deng d
040 |c S 
245 |a Computer methods in operation research 
100 |a Thesen 
500
942 |c BK  |6 _ 
020 |a 0-12-686150-1 
260 |b Academic Press  |c 1978 
300 |a 268 
082 |a 004.519.8 
250
999 |c 151632  |d 151632 
952 |0 0  |1 0  |4 0  |6 0045198_  |7 0  |9 198988  |a DCS  |b DCS  |d 2013-09-07  |o 004.519.8  |p MCS00091  |r 2013-09-07  |w 0000-00-00  |y BK